000 00395nam a2200121 a 4500
001 000046159
005 20201002052657.0
008 150630s1981 dr 000 0 spa d
040 _aDO-SdBNP
_bspa
_cBNPHU
245 0 0 _aBases políticas y programáticas para la convergencia socialista :
_b(ateproyecoto) /.
260 _aSanto Domingo :
_b[Partido Socialista],
_c1981.
300 _a45 p. : ;
_c21 cm.
999 _c45648
_d45648